| 000 | 00569nam a2200217Ia 4500 | ||
|---|---|---|---|
| 003 | OSt | ||
| 005 | 20220926035347.0 | ||
| 006 | a|||||r|||| 00| 0 | ||
| 007 | ta | ||
| 008 | 220923b |||||||| |||| 00| 0 eng d | ||
| 037 | _cGeneral Book | ||
| 040 |
_aRTL _cRTL _beng |
||
| 041 |
_2eng _aeng |
||
| 082 | _aB280g(L5), J7 | ||
| 100 |
_aKempthorne Oscar _9342207 |
||
| 245 | 0 | _aIntroduction to genetic statistics | |
| 260 | _c1957 | ||
| 650 |
_aStatistics _935791 |
||
| 942 |
_hB280g(L5), J7 _cGB _2CC |
||
| 999 |
_c661979 _d661979 |
||